02044agaaa2200277 45000010005000000030009000050050017000140070009000310080040000400400023000800410014001031000047001171300057001642450244002212500022004652600106004873000022005935080064006155200819006795380016014985460014015146500060015287000061015887000059016497000058017080459IT-RoPAU20220918181255.0d cvaizq50131s9999||||xx ||| | || ||und|| aIT-RoPAUcIT-RoPAU aITALIANO  aYong Jung SoogCodice regista SPICS: 60182 aGESU' UN REGNO SENZA CONFINI: LA NASCITA E L'INIZIO  aGESU' UN REGNO SENZA CONFINI: LA NASCITA E L'INIZIO cProdotto da: Corradi O. Choi P. -- Sceneggiatura: Scaffa Luciano -- Diretto da: Yong Jung SoopGESU' UN REGNO SENZA CONFINI: LA NASCITA E L'INIZIO (Rif. Codice opera principale : K0459) aEdizione Standard a(ITALIA)bN.d. / Distribuzione: MULTIMEDIA SAN APOLOg"2010 (1° ed.: 2010 ; Ed. Lingua Orig.: 2010)" aDVDbsonoro, col. a"Musica: Zavallone Paolo; Sceneggiatura: Scaffa Luciano ; " a"QUINTO DVD DELLA SERIE LE AVVENTURE DELLA BIBBIA DA ADAMO A GESU'. PER IL CENSIMENTO PROCLAMATO DA CESARE AUGUSTO, GIUSEPPE E MARIA ARRIVANO A BETLEMME DOVE, AL RIPARO DI UNA MISERA GROTTA, NASCE GESU', ADORATO DA TRE RE MAGI VENUTI DALL'ORIENTE. GESU' CRESCE IN ETA', SAPIENZA E BONTA'. ORMAI ADULTO VIENE BATTEZZATO NEL GIORDANO DA GIOVANNI IL BATTISTA ED E' PRONTO AD ANNUNCIARE IL REGNO DI DIO, RESISTENDO PER QUARANTA GIORNI E QUARANTA NOTTI ALLE TENTAZIONI DEL DIAVOLO. CAPITOLI: 1-L'ANNUNCIO A MARIA; 2-UN BAMBINO DELLA STIRPE DI DAVIDE; 3-LA PAURA DI RE ERODE; 4-UN RAGAZZO TRA I DOTTORI; 5-IL BATTESIMO SECONDO GIOVANNI; 6-LA PROVA DEL DESERTO. CONTENUTI EXTRA: IN VERITA' TI DICO: CHI E' GESU'; STORIA, LEGGENDA O MITO?; REGNO DI ERODE; TEMPIO DI GERUSALEMME; GIOVANNI IL BATTISTA; GESU' E IL DIAVOLO. " aPAL, STEREO aITALIANO  aANIMAZIONE eDVD-FILM [DVD]xCodice MATERIA SPICS: 9947 aScaffa Luciano e(soggetto)gCodice Soggetto SPICS: 4848 aYong Jung Soo e(regista)gCodice regista SPICS: 60182 aZavallone Paoloe(musica)gCodice Musica SPICS: 60183